MARC details
| 000 -CABECERA |
| campo de control de longitud fija |
01389nam a2200265 a 4500 |
| 001 - NÚMERO DE CONTROL |
| campo de control |
000027617 |
| 003 - IDENTIFICADOR DEL NÚMERO DE CONTROL |
| campo de control |
DO-SdBNP |
| 005 - FECHA Y HORA DE LA ÚLTIMA TRANSACCIÓN |
| campo de control |
20250306100748.0 |
| 007 - CAMPO FIJO DE DESCRIPCIÓN FÍSICA--INFORMACIÓN GENERAL |
| campo de control de longitud fija |
ta |
| 008 - DATOS DE LONGITUD FIJA--INFORMACIÓN GENERAL |
| campo de control de longitud fija |
100806s1992 dr a r 000 1 spa d |
| 040 ## - FUENTE DE LA CATALOGACIÓN |
| Centro catalogador/agencia de origen |
DO-SdBNP |
| Lengua de catalogación |
spa |
| Centro/agencia transcriptor |
BNPHU |
| Normas de descripción |
rda |
| 082 #4 - NÚMERO DE LA CLASIFICACIÓN DECIMAL DEWEY |
| Número de clasificación |
xxxx |
| Número de documento/Ítem |
H765m |
| Número de edición |
22 |
| 245 00 - MENCIÓN DE TÍTULO |
| Título |
Pedro Henríquez Ureña : |
| Resto del título |
Homenaje con motivo del centenario de su nacimiento. / |
| Mención de responsabilidad, etc. |
Edición al cuidado, José Ramos. |
| 264 #1 - PRODUCCIÓN, PUBLICACIÓN, DISTRIBUCIÓN, FABRICACIÓN Y COPYRIGHT |
| Producción, publicación, distribución, fabricación y copyright |
Santo Domingo : |
| Nombre del de productor, editor, distribuidor, fabricante |
Comisión Organizadora Permanente de la Feria Nacional del Libro, |
| Fecha de producción, publicación, distribución, fabricación o copyright |
1992. |
| 300 ## - DESCRIPCIÓN FÍSICA |
| Extensión |
67 páginas ; |
| Dimensiones |
21 cm. |
| 336 ## - TIPO DE CONTENIDO |
| Término de tipo de contenido |
texto |
| Código de tipo de contenido |
txt |
| Fuente |
rdacontent |
| 337 ## - TIPO DE MEDIO |
| Nombre/término del tipo de medio |
sin mediación |
| Código del tipo de medio |
n |
| Fuente |
rdamedia |
| 338 ## - TIPO DE SOPORTE |
| Nombre/término del tipo de soporte |
volumen |
| Código del tipo de soporte |
nc |
| Fuente |
rdacarrier |
| 500 ## - NOTA GENERAL |
| Nota general |
Incluye referencias bibliográficas y notas al pie de las páginas |
| 504 ## - NOTA DE BIBLIOGRAFÍA, ETC. |
| Nota de bibliografía, etc. |
Biografía : páginas 55-63 |
| 505 ## - NOTA DE CONTENIDO CON FORMATO |
| Nota de contenido con formato |
Pedro Henríquez Ureña/ por el sendero del bellismo / por Pedro P. Barnola -- Pedro Henríquez Ureña, Socrates del Caribe / por Luis Beltrán Guerrero -- Tradición culturista de la crítica literaria latinoamericana / por Agustín Martinez -- Andrés Bello y la independencia intelectual de la América hispana / por Pedro Henríquez Ureña -- Bibliografía de Pedro Henríquez Ureña / por Horacio Jorge Becco |
| 533 ## - NOTA DE REPRODUCCIÓN |
| Tipo de reproducción |
Reproducción de la edición publicada: |
| -- |
Caracas |
| Lugar de la reproducción |
Casa de Bellos |
| Institución responsable de la reproducción |
1985 |
| 700 ## - PUNTO DE ACCESO ADICIONAL--NOMBRE DE PERSONA |
| Nombre de persona |
Ramos, José, |
| Término indicativo de función/relación |
editor |
| Código de función/relación |
ed. |
| 9 (RLIN) |
14391 |
| 942 ## - ELEMENTOS DE PUNTO DE ACCESO ADICIONAL (KOHA) |
| Fuente del sistema de clasificación o colocación |
Dewey Decimal Classification |
| Tipo de ítem Koha |
Libro |